000 00319nam a22001337a 4500
008 180911b xxu||||| |||| 00| 0 eng d
020 _a9780072310542
041 _aeng
080 _a370
100 _a48
101 _aEDU
245 _aTasks And Communicating In language Classrooms
_cLeee.J.F
942 _2udc
_cBK
999 _c47662
_d47662